2017 - Rock Songs - Statistics

General Stats
  • This quiz has been taken 49 times
  • The average score is 4 of 20
Answer Stats
Song Band / Singer % Correct
Believer Imagine Dragons
74%
Feel It Still Portugal. The Man
46%
Heavydirtysoul Twenty One Pilots
36%
Hard Times Paramore
31%
Human Rag'n'Bone Man
28%
The Sky Is a Neighborhood Foo Fighters
23%
Heavy Linkin Park
23%
The Man The Killers
23%
Walk On Water Thirty Seconds to Mars
21%
Song #3 Stone Sour
15%
Dig Down Muse
13%
Back in the USA Green Day
10%
Now That We're Dead Metallica
10%
Lights Out Royal Blood
10%
My Name Is Human Highly Suspect
8%
Go to War Nothing More
8%
You're the Best Thing About Me U2
8%
Imperfection Evanescence
5%
The Way You Used to Do Queens of the Stone Age
5%
Let You Down Seether
5%
No matching quizzes found
Score Distribution
Percent of People with Each Score
Percentile by Number Answered
Your Score History
You have not taken this quiz